• 首页
  • 本馆介绍
  • 公告通知
  • 最新文献
  • 馆藏检索
  • 电子资源
  • 读者导购
  • 参考咨询
  • 我的图书馆
  • 登录
  • 详细信息显示
  • 放入我的书架
  • 预约/预借图书
  • 作者相关作品
  • 分类相关作品
  • 丛书相关作品
  • 出版社相关作品

书目信息

  • 表格格式
  • 工作单格式
  • 卡片格式
题名:
中国最美的100座名山大川
    
 
作者: ;中国经典游编辑部 编著
分册:  
出版信息: 桂林   广西师范大学出版社  2011
页数: 225页
开本: 22cm
丛书名: 中国经典游·TOP100丛书
单 册:
中图分类: K928.3 , K928.42
科图分类:
主题词: 山--介绍--中国 , 河流--介绍--中国 , 湖泊--介绍--中国
电子资源:
ISBN: 978-7-5633-9514-9
000 01170nam0 2200313 450
001 337837
005 20150601084900.62
010    @a978-7-5633-9514-9@dCNY39.80
100    @a20100517d2010 em y0chiy50 ea
101 0  @achi
102    @aCN@b450000
105    @aa z 001yy
106    @ar
200 1  @a中国最美的100座名山大川@Azhong guo zui mei de 100 zuo ming shan da chuan@d= 100 most beautiful mountains and rivers of China@f《中国经典游》编辑部编著@zeng
210    @a桂林@c广西师范大学出版社@d2011
215    @a225页@c彩照@d22cm
225 1  @a中国经典游·TOP100丛书
300    @a2010-2011最新全彩版
330    @a本书选取了我国最美丽的100座名山大川? 翘炝樯健⒍疃拍珊印⒁轿准渖健⒃铺ㄉ健⒍赐ズ⒅榻侵蕖⒌绿炱俨肌⒀愕瓷健⑻乒爬娇诘戎泄蠲烂酱蟠ā? 0
410    @12001 @a中国经典游·TOP100丛书
510 1  @a100 most beautiful mountains and rivers of China@zeng
606 0  @a山@x介绍@y中国
606 0  @a河流@x介绍@y中国
606 0  @a湖泊@x介绍@y中国
690    @aK928.3@v5
690    @aK928.42@v5
711 02 @a中国经典游编辑部@Azhong guo jing dian you bian ji bu@4编著
801  0 @aCN@b卓展宏图@c20150525
905    @dK928.3@e786@f4
    
    中国最美的100座名山大川= 100 most beautiful mountains and rivers of China/《中国经典游》编辑部编著.-桂林:广西师范大学出版社,2011
    225页:彩照;22cm.-(中国经典游·TOP100丛书)
    2010-2011最新全彩版
    
    ISBN 978-7-5633-9514-9:CNY39.80
    本书选取了我国最美丽的100座名山大川? 翘炝樯健⒍疃拍珊印⒁轿准渖健⒃铺ㄉ健⒍赐ズ⒅榻侵蕖⒌绿炱俨肌⒀愕瓷健⑻乒爬娇诘戎泄蠲烂酱蟠ā? 0
●
相关链接 在E读中查询图书 在五车中查询图书 在当当中查询图书 在豆瓣中查询图书


正题名:中国最美的100座名山大川     索取号:K928.3/786         预约/预借

序号 登录号 条形码 馆藏地/架位号 状态 备注
1 856368   208563687   第二样本阅览室/ [索取号:K928.3/786] 在馆    
2 856369   208563696   密集书库-资源管理系/ [索取号:K928.3/786] 在馆    
3 856370   208563703   第二借阅区/ [索取号:K928.3/786] 在馆    
4 856371   208563712   第二借阅区/ [索取号:K928.3/786] 在馆    
唐山师范学院图书馆 欢迎您!
大连网信软件有限公司© 版权所有